[Event "Pozarevac Rudar 12th"]
[Site "Pozarevac"]
[Date "2023.05.01"]
[Round "7"]
[White "Stankovic, Boris"]
[Black "Dudukovic, Nikola"]
[Result "0-1"]
[WhiteElo "2203"]
[BlackElo "2328"]
[PlyCount "44"]
[EventDate "2023.04.26"]
[EventType "tourn"]
[EventRounds "9"]
[EventCountry "SRB"]
[EventCategory "2"]
[SourceTitle "CBM 214 Extra"]
[Source "ChessBase"]
[SourceDate "2023.07.31"]
[SourceVersion "1"]
[SourceVersionDate "2023.07.31"]
[SourceQuality "1"]

1. e4 e5 2. Nf3 Nc6 3. Bc4 Nf6 4. d4 exd4 5. e5 d5 6. Bb5 Nd7 7. 0-0 Be7 8. Bxc6 bxc6 9. Nxd4 Nb8 10. Qf3 0-0 11. Nc3 a5 12. Be3 Ra6 13. Rad1 c5 14. Nb3 d4 15. Ne4 Nd7 16. Bf4 a4 17. Nbd2 f6 18. Ng3 fxe5 19. Qd5+ Kh8 20. Bxe5 Nxe5 21. Qxe5 Re6 22. Qh5 g6 0-1

[Event "Pozarevac Rudar 12th"]
[Site "Pozarevac"]
[Date "2023.04.29"]
[Round "4"]
[White "Dudukovic, Nikola"]
[Black "Bryakin, Mikhail"]
[Result "0-1"]
[WhiteElo "2328"]
[BlackElo "2469"]
[PlyCount "66"]
[EventDate "2023.04.26"]
[EventType "tourn"]
[EventRounds "9"]
[EventCountry "SRB"]
[EventCategory "2"]
[SourceTitle "CBM 214 Extra"]
[Source "ChessBase"]
[SourceDate "2023.07.31"]
[SourceVersion "1"]
[SourceVersionDate "2023.07.31"]
[SourceQuality "1"]

1. Nf3 d5 2. g3 Nf6 3. Bg2 e6 4. 0-0 Be7 5. d3 0-0 6. Nbd2 c5 7. e4 Nc6 8. Re1 b5 9. e5 Nd7 10. Nf1 Qc7 11. Bf4 a5 12. h4 b4 13. a4 bxa3 14. bxa3 Rb8 15. h5 Ba6 16. N1h2 Rfc8 17. Ng4 Bf8 18. c4 dxc4 19. dxc4 Nd4 20. Ng5 Bxc4 21. Rc1 Ba6 22. Be4 h6 23. Nh7 Rb2 24. Nxf8 Be2 25. Qa4 Nxf8 26. Nxh6+ gxh6 27. Rb1 Bb5 28. Qd1 Ne2+ 29. Kh1 Rd8 30. Qxd8 Qxd8 31. Rxb2 Qd4 32. Rxb5 Qxe4+ 33. Kh2 Qc4 0-1

[Event "Pozarevac Rudar 5th"]
[Site "Pozarevac"]
[Date "2022.08.29"]
[Round "9"]
[White "Spasic, Petar"]
[Black "Dudukovic, Nikola"]
[Result "1-0"]
[WhiteElo "2321"]
[BlackElo "2341"]
[PlyCount "55"]
[EventDate "2022.08.22"]
[EventType "tourn"]
[EventRounds "9"]
[EventCountry "SRB"]
[SourceTitle "CBM 209 Extra"]
[Source "ChessBase"]
[SourceDate "2022.09.30"]
[SourceVersion "1"]
[SourceVersionDate "2022.09.30"]
[SourceQuality "1"]

1. e4 e5 2. Nf3 Nc6 3. Nc3 Nf6 4. Bb5 Nd4 5. Bc4 Bc5 6. Nxe5 Qe7 7. Nf3 d5 8. Bxd5 Bg4 9. d3 0-0-0 10. Be3 Nxd5 11. Nxd5 Rxd5 12. exd5 Re8 13. 0-0 Bxf3 14. gxf3 Qh4 15. Kg2 Bd6 16. f4 g5 17. Bxd4 Qxf4 18. Qh5 Qxd4 19. Rae1 Qxd5+ 20. Qf3 Qxf3+ 21. Kxf3 Rg8 22. Kg4 h5+ 23. Kf5 g4 24. Rh1 Kd7 25. h3 g3 26. fxg3 Rxg3 27. Re2 Rf3+ 28. Kg5 1-0

[Event "Pozarevac Rudar 2nd"]
[Site "Pozarevac"]
[Date "2022.04.07"]
[Round "7"]
[White "Dudukovic, Nikola"]
[Black "Velikic, Adela"]
[Result "1/2-1/2"]
[WhiteElo "2359"]
[BlackElo "2271"]
[PlyCount "105"]
[EventDate "2022.04.02"]
[EventType "tourn"]
[EventRounds "9"]
[EventCountry "SRB"]
[SourceTitle "CBM 207 Extra"]
[Source "ChessBase"]
[SourceDate "2022.05.31"]
[SourceVersion "1"]
[SourceVersionDate "2022.05.31"]
[SourceQuality "1"]

1. d4 d5 2. Nf3 Nf6 3. g3 c6 4. Bg2 Bf5 5. 0-0 h6 6. c4 e6 7. Nc3 Be7 8. Qb3 Qb6 9. c5 Qxb3 10. axb3 0-0 11. b4 a6 12. Bf4 Nbd7 13. h3 g5 14. Be3 Bh7 15. Nd2 Nh5 16. Kh2 Kh8 17. Nb3 Rab8 18. Bd2 f5 19. f4 Rg8 20. e3 Rg7 21. Rg1 Ndf6 22. Be1 Rbg8 23. Bf2 Bd8 24. Bf1 Bc7 25. Be2 Bg6 26. Na5 Bb8 27. Bd3 Rf7 28. Kh1 Ne4 29. Nxe4 fxe4 30. Be2 Nf6 31. Raf1 Bh5 32. g4 Bg6 33. Bg3 gxf4 34. Bxf4 Nd7 35. Nxb7 e5 36. dxe5 Nxe5 37. Bxe5+ Bxe5 38. Rxf7 Bxf7 39. Bxa6 d4 40. exd4 Bxd4 41. Rd1 Bxb2 42. Nd6 Be6 43. b5 cxb5 44. Bxb5 e3 45. c6 Be5 46. c7 h5 47. Bc4 Bxc4 48. Nxc4 e2 49. Re1 Bxc7 50. Rxe2 hxg4 51. hxg4 Rxg4 52. Re8+ Rg8 53. Rxg8+ 1/2-1/2

[Event "Pozarevac Rudar 2nd"]
[Site "Pozarevac"]
[Date "2022.04.05"]
[Round "4"]
[White "Bryakin, Mikhail"]
[Black "Dudukovic, Nikola"]
[Result "1-0"]
[WhiteElo "2441"]
[BlackElo "2359"]
[PlyCount "55"]
[EventDate "2022.04.02"]
[EventType "tourn"]
[EventRounds "9"]
[EventCountry "SRB"]
[SourceTitle "CBM 207 Extra"]
[Source "ChessBase"]
[SourceDate "2022.05.31"]
[SourceVersion "1"]
[SourceVersionDate "2022.05.31"]
[SourceQuality "1"]

1. d4 Nf6 2. c4 e6 3. Nf3 c5 4. d5 b5 5. dxe6 fxe6 6. cxb5 d5 7. e3 Nbd7 8. Nbd2 Be7 9. b3 0-0 10. Bb2 Qc7 11. Be2 a6 12. bxa6 Bxa6 13. Bxa6 Rxa6 14. 0-0 Ng4 15. Qe2 Rfa8 16. h3 Bf6 17. Bxf6 Ngxf6 18. a4 Rb6 19. Rac1 Qb7 20. e4 dxe4 21. Ng5 Qd5 22. Ngxe4 Nxe4 23. Nxe4 Qxb3 24. a5 Rxa5 25. Rfd1 Rb7 26. Nd6 Rba7 27. Rb1 Ra2 28. Qe1 1-0

[Event "Pozarevac Rudar 2nd"]
[Site "Pozarevac"]
[Date "2022.04.02"]
[Round "1"]
[White "Dudukovic, Nikola"]
[Black "Anishka, Vikram"]
[Result "1-0"]
[WhiteElo "2359"]
[BlackElo "2000"]
[PlyCount "81"]
[EventDate "2022.04.02"]
[EventType "tourn"]
[EventRounds "9"]
[EventCountry "SRB"]
[SourceTitle "CBM 207 Extra"]
[Source "ChessBase"]
[SourceDate "2022.05.31"]
[SourceVersion "1"]
[SourceVersionDate "2022.05.31"]
[SourceQuality "1"]

1. Nf3 Nf6 2. c4 e6 3. g3 d5 4. Bg2 Be7 5. 0-0 0-0 6. b3 b6 7. Bb2 Bb7 8. d4 Nbd7 9. cxd5 exd5 10. Ne5 c5 11. Nxd7 Qxd7 12. Nd2 Rac8 13. dxc5 bxc5 14. Rc1 Ba6 15. Rc2 Qf5 16. Re1 d4 17. e4 dxe3 18. Rxe3 Rfe8 19. Ne4 Ng4 20. Re1 Rcd8 21. Rd2 Rxd2 22. Qxd2 Rd8 23. Qa5 Bb7 24. h3 Nh6 25. Qxa7 Qc8 26. Nd6 Bxd6 27. Qxb7 Qxb7 28. Bxb7 f6 29. a4 Bc7 30. Ba3 Bb6 31. Re6 Ba7 32. Ra6 Bb8 33. Bxc5 Nf5 34. a5 Kf7 35. b4 Rd1+ 36. Kg2 Rd2 37. Ra8 Bxg3 38. Rf8+ Kg6 39. a6 Bf4 40. Be4 Re2 41. Kf3 1-0

[Event "Pozarevac Rudar 1st"]
[Site "Pozarevac"]
[Date "2022.03.26"]
[Round "2"]
[White "Andreev, Konstantin"]
[Black "Dudukovic, Nikola"]
[Result "1/2-1/2"]
[WhiteElo "2186"]
[BlackElo "2359"]
[PlyCount "129"]
[EventDate "2022.03.25"]
[EventType "tourn"]
[EventRounds "9"]
[EventCountry "SRB"]
[EventCategory "1"]
[SourceTitle "CBM 207 Extra"]
[Source "ChessBase"]
[SourceDate "2022.05.31"]
[SourceVersion "1"]
[SourceVersionDate "2022.05.31"]
[SourceQuality "1"]

1. e4 e5 2. Nf3 Nc6 3. Bc4 Nf6 4. d4 exd4 5. e5 d5 6. Bb5 Ne4 7. Nxd4 Bd7 8. Bxc6 bxc6 9. 0-0 Bc5 10. f3 Ng5 11. f4 Ne4 12. Be3 Bb6 13. Nd2 c5 14. N4f3 Nxd2 15. Qxd2 c6 16. a4 a5 17. b3 0-0 18. Rae1 Bc8 19. Rd1 Re8 20. h3 f6 21. Bf2 Ra7 22. Bh4 c4+ 23. Kh1 cxb3 24. cxb3 Rf8 25. Qc3 c5 26. Rfe1 Kh8 27. exf6 gxf6 28. Bxf6+ Qxf6 29. Qxf6+ Rxf6 30. Re8+ Kg7 31. Rxc8 d4 32. g3 Re7 33. Ne5 Rfe6 34. Rf1 Bc7 35. f5 Rh6 36. Ng4 Rxh3+ 37. Nh2 Re2 38. Rxc7+ Kf6 39. Rc6+ Kg5 40. Rf4 Rexh2+ 41. Kg1 Rxg3+ 42. Kxh2 Kxf4 43. Rxc5 Rxb3 44. Rxa5 d3 45. f6 Rb2+ 46. Kh3 Ke4 47. Ra8 Rf2 48. Re8+ Kd4 49. Rd8+ Kc3 50. Rc8+ Kb3 51. Rd8 Kc2 52. Rd6 d2 53. Rc6+ Kb3 54. Rd6 Kc2 55. Rc6+ Kd3 56. Rd6+ Ke2 57. Re6+ Kf1 58. Rd6 Ke1 59. Re6+ Kf1 60. Rd6 Ke1 61. Re6+ Re2 62. Rxe2+ Kxe2 63. f7 d1Q 64. f8Q Qh1+ 65. Kg3 1/2-1/2

[Event "Pozarevac Nesic Memorial"]
[Site "Pozarevac"]
[Date "2022.02.14"]
[Round "8"]
[White "Dudukovic, Nikola"]
[Black "Spasic, Petar"]
[Result "1/2-1/2"]
[WhiteElo "2362"]
[BlackElo "2334"]
[PlyCount "20"]
[EventDate "2022.02.08"]
[EventType "tourn"]
[EventRounds "9"]
[EventCountry "SRB"]
[EventCategory "2"]
[SourceTitle "CBM 206 Extra"]
[Source "ChessBase"]
[SourceDate "2022.03.31"]
[SourceVersion "1"]
[SourceVersionDate "2022.03.31"]
[SourceQuality "1"]

1. e4 c5 2. Nc3 Nc6 3. g3 g6 4. Bg2 Bg7 5. d3 d6 6. Nge2 e6 7. Be3 Nd4 8. Qd2 Ne7 9. 0-0 0-0 10. Nd1 Nec6 1/2-1/2

[Event "Veliko Gradiste Silver Lake op"]
[Site "Veliko Gradiste"]
[Date "2019.06.17"]
[Round "2"]
[White "Sahin, Ozgun"]
[Black "Dudukovic, Nikola"]
[Result "0-1"]
[WhiteElo "2234"]
[BlackElo "2397"]
[PlyCount "64"]
[EventDate "2019.06.16"]
[EventType "swiss"]
[EventRounds "9"]
[EventCountry "SRB"]
[SourceTitle "CBM 191 Extra"]
[Source "ChessBase"]
[SourceDate "2019.09.30"]
[SourceVersion "1"]
[SourceVersionDate "2019.09.30"]
[SourceQuality "1"]

1. e4 e5 2. Nf3 d6 3. d4 exd4 4. Nxd4 Nf6 5. Nc3 Be7 6. Be2 0-0 7. 0-0 Re8 8. f4 c6 9. Be3 Bf8 10. Qd3 Na6 11. e5 Nc5 12. Qd2 dxe5 13. fxe5 Rxe5 14. Rad1 Bg4 15. Bg5 Bxe2 16. Bxf6 gxf6 17. Ncxe2 Ne4 18. Qf4 Qb6 19. Nc3 Rae8 20. Nxe4 Rxe4 21. Qxf6 Bg7 22. Qxf7+ Kh8 23. c3 Rf8 24. Qd7 Rxf1+ 25. Kxf1 Rf4+ 26. Nf3 Qxb2 27. Qc7 Rf8 28. Rd7 Qxc3 29. Qxb7 Qa1+ 30. Kf2 Qxa2+ 31. Kg1 Bd4+ 32. Rxd4 Qa1+ 0-1

[Event "SRB-ch sf"]
[Site "Kragujevac"]
[Date "2019.03.10"]
[Round "5"]
[White "Popovic, Milan S"]
[Black "Dudukovic, Nikola"]
[Result "1/2-1/2"]
[WhiteElo "2307"]
[BlackElo "2406"]
[PlyCount "175"]
[EventDate "2019.03.08"]
[EventType "swiss"]
[EventRounds "9"]
[EventCountry "SRB"]
[SourceTitle "CBM 189 Extra"]
[Source "ChessBase"]
[SourceDate "2019.06.03"]
[SourceVersion "1"]
[SourceVersionDate "2019.06.03"]
[SourceQuality "1"]

1. d4 d5 2. Nf3 Nf6 3. Bf4 c5 4. e3 Nc6 5. Nbd2 e6 6. c3 Bd6 7. Bg3 0-0 8. Bd3 h6 9. Ne5 Bxe5 10. dxe5 Nd7 11. Qh5 f5 12. exf6 Nxf6 13. Qe2 e5 14. e4 c4 15. Bc2 b5 16. exd5 Qxd5 17. Ne4 Nxe4 18. Qxe4 Qxe4+ 19. Bxe4 Bb7 20. 0-0-0 Rad8 21. f3 Kf7 22. Rhe1 Rfe8 23. h4 h5 24. Bf2 Re7 25. Be3 Red7 26. Rxd7+ Rxd7 27. Bf2 a6 28. Bg3 g6 29. Kc2 Kf6 30. b3 cxb3+ 31. axb3 Re7 32. Rd1 Ke6 33. Bf2 Na5 34. Ra1 Nc6 35. Bc5 Rc7 36. Rd1 Ne7 37. Rd6+ Kf7 38. Bxb7 Rxc5 39. b4 Rc7 40. Bxa6 Nf5 41. Rd2 Kf6 42. Kb3 Nxh4 43. Bxb5 Kg5 44. Bf1 Nf5 45. Re2 Re7 46. Re1 Kf4 47. Bd3 Ne3 48. Bxg6 h4 49. Rxe3 Kxe3 50. Bf5 Rg7 51. Bh3 e4 52. fxe4 Kxe4 53. c4 Kd4 54. c5 Kd5 55. Kc3 Rg3+ 56. Kd2 Rb3 57. Ke2 Rxb4 58. Kf2 Rb3 59. Kg1 Kxc5 60. Kh2 Kd4 61. Be6 Rg3 62. Bh3 Ke3 63. Bd7 Kf2 64. Bc6 Ke3 65. Bb7 Kf4 66. Bc8 Rc3 67. Be6 Ra3 68. Bd7 h3 69. Bxh3 Ra6 70. Kg1 Ke3 71. Bf5 Ra1+ 72. Kh2 Kf2 73. Kh3 Ra3+ 74. Kh4 Kxg2 75. Kg5 Ra6 76. Bg6 Kg3 77. Kh6 Kh4 78. Kg7 Kg5 79. Bh7 Ra8 80. Bg8 Ra7+ 81. Kh8 Kg6 82. Bc4 Rh7+ 83. Kg8 Rc7 84. Bd3+ Kh6 85. Be4 Rg7+ 86. Kh8 Rg4 87. Bb1 Rb4 88. Bh7 1/2-1/2

[Event "SRB-chT Central"]
[Site "Kragujevac"]
[Date "2018.09.21"]
[Round "10.5"]
[White "Dudukovic, Nikola"]
[Black "Radovanovic, Mihajlo"]
[Result "0-1"]
[WhiteElo "2404"]
[BlackElo "2427"]
[PlyCount "96"]
[EventDate "2018.09.14"]
[EventType "team-tourn"]
[EventRounds "11"]
[EventCountry "SRB"]
[SourceTitle "CBM 186 Extra"]
[Source "ChessBase"]
[SourceDate "2018.08.24"]
[SourceVersion "1"]
[SourceVersionDate "2018.08.24"]
[SourceQuality "1"]
[WhiteTeam "Petrovac Sloga"]
[BlackTeam "Lucani Mladost"]
[WhiteTeamCountry "SRB"]
[BlackTeamCountry "SRB"]

1. d4 Nf6 2. Nf3 g6 3. g3 Bg7 4. Bg2 0-0 5. c4 d6 6. 0-0 Nc6 7. Nc3 e5 8. dxe5 dxe5 9. Bg5 Be6 10. Qa4 Qc8 11. Rfd1 Nd7 12. Nd5 e4 13. Nd2 Bxd5 14. cxd5 Nd4 15. Nxe4 Nb6 16. Qa5 Qf5 17. Be3 Nc2 18. Rac1 Nxe3 19. fxe3 Qe5 20. Qc5 f5 21. Nd2 Qxb2 22. Rc2 Qf6 23. Nf1 Rf7 24. Qb5 Qd6 25. Qb3 a5 26. Rd3 a4 27. Qb5 Re7 28. Qc5 Rae8 29. Rd1 Qxc5 30. Rxc5 Be5 31. Rb5 Bd6 32. Kf2 a3 33. Rd3 Na4 34. Rd4 Nc3 35. Rxb7 Nxa2 36. Rc4 Ra8 37. Nd2 Ree8 38. Rcxc7 Bxc7 39. Rxc7 Nb4 40. d6 a2 41. Nb3 a1Q 42. Nxa1 Rxa1 43. d7 Rf8 44. Rc4 Rb1 45. Rd4 Rd8 46. e4 Nc6 47. Rd6 Ne5 48. exf5 Rxd7 0-1

[Event "SRB-chT Central"]
[Site "Kragujevac"]
[Date "2018.09.16"]
[Round "4.5"]
[White "Manic, Jovica"]
[Black "Dudukovic, Nikola"]
[Result "0-1"]
[WhiteElo "2255"]
[BlackElo "2404"]
[PlyCount "90"]
[EventDate "2018.09.14"]
[EventType "team-tourn"]
[EventRounds "11"]
[EventCountry "SRB"]
[SourceTitle "CBM 186 Extra"]
[Source "ChessBase"]
[SourceDate "2018.08.24"]
[SourceVersion "1"]
[SourceVersionDate "2018.08.24"]
[SourceQuality "1"]
[WhiteTeam "Pirot Progres"]
[BlackTeam "Petrovac Sloga"]
[WhiteTeamCountry "SRB"]
[BlackTeamCountry "SRB"]

1. e4 e6 2. d4 d5 3. e5 c5 4. Qg4 cxd4 5. Bd3 Nc6 6. Nf3 Bd7 7. a3 f5 8. Qg3 Qc7 9. 0-0 g6 10. h4 Nge7 11. b4 a6 12. Bd2 h6 13. Re1 Bg7 14. Bf4 0-0-0 15. Nbd2 Rdg8 16. Nb3 g5 17. h5 gxf4 18. Qxf4 Bf8 19. Rac1 Rg4 20. Qd2 Rhg8 21. Bf1 Re4 22. Nc5 Rxe1 23. Qxe1 Kd8 24. c3 dxc3 25. Rxc3 Bg7 26. Nd3 Ke8 27. a4 Qb6 28. Rc5 Nd8 29. Qa1 Nec6 30. b5 Na5 31. Qc3 Bf8 32. bxa6 Bxc5 33. Nxc5 bxa6 34. Bxa6 Bc6 35. Nd4 Kf7 36. Bc8 Qb1+ 37. Kh2 Qf1 38. Qf3 Rg5 39. Nxf5 exf5 40. Bxf5 d4 41. Be4+ Ke8 42. Bxc6+ Naxc6 43. Ne4 Nxe5 44. Nf6+ Kf7 45. Qd5+ Ne6 0-1

[Event "SRB-chT Central"]
[Site "Kragujevac"]
[Date "2018.09.15"]
[Round "3.3"]
[White "Dudukovic, Nikola"]
[Black "Nestorovic, Nikola"]
[Result "0-1"]
[WhiteElo "2404"]
[BlackElo "2453"]
[PlyCount "78"]
[EventDate "2018.09.14"]
[EventType "team-tourn"]
[EventRounds "11"]
[EventCountry "SRB"]
[SourceTitle "CBM 186 Extra"]
[Source "ChessBase"]
[SourceDate "2018.08.24"]
[SourceVersion "1"]
[SourceVersionDate "2018.08.24"]
[SourceQuality "1"]
[WhiteTeam "Petrovac Sloga"]
[BlackTeam "Vladimirci"]
[WhiteTeamCountry "SRB"]
[BlackTeamCountry "SRB"]

1. Nf3 d5 2. d4 Nf6 3. c4 c6 4. e3 Bf5 5. Nc3 e6 6. Be2 h6 7. 0-0 Nbd7 8. b3 Bd6 9. Bb2 0-0 10. h3 Ne4 11. a3 a5 12. Bd3 Ndf6 13. Ne2 Bh7 14. Ne5 Ng5 15. Ng3 Nfe4 16. Bxe4 Nxe4 17. Nxe4 Bxe4 18. c5 Bc7 19. f3 Bh7 20. Bc3 Qe7 21. f4 f6 22. Ng4 h5 23. Nf2 Qe8 24. Qd2 h4 25. Ng4 Bf5 26. Nh2 Qh5 27. Qd1 Qg6 28. Nf3 Qh6 29. Qc1 Rf7 30. Be1 Bd3 31. Bxh4 Bxf1 32. Qxf1 e5 33. dxe5 fxe5 34. Bg5 Qg6 35. g3 Re8 36. Nh4 Qe4 37. Qe2 exf4 38. Qh5 Qxe3+ 39. Kh1 Qxg3 0-1

[Event "SRB-chT Central"]
[Site "Kragujevac"]
[Date "2018.09.14"]
[Round "1.4"]
[White "Dudukovic, Nikola"]
[Black "Barlov, Dragan"]
[Result "1-0"]
[WhiteElo "2404"]
[BlackElo "2414"]
[PlyCount "133"]
[EventDate "2018.09.14"]
[EventType "team-tourn"]
[EventRounds "11"]
[EventCountry "SRB"]
[SourceTitle "CBM 186 Extra"]
[Source "ChessBase"]
[SourceDate "2018.08.24"]
[SourceVersion "1"]
[SourceVersionDate "2018.08.24"]
[SourceQuality "1"]
[WhiteTeam "Petrovac Sloga"]
[BlackTeam "Kragujevac Radnicki"]
[WhiteTeamCountry "SRB"]
[BlackTeamCountry "SRB"]

1. Nf3 Nf6 2. g3 g6 3. Bg2 Bg7 4. 0-0 0-0 5. c4 d6 6. d4 c6 7. Nc3 Qa5 8. e4 Bg4 9. h3 Bxf3 10. Bxf3 Nfd7 11. Be3 a6 12. Qc2 c5 13. dxc5 dxc5 14. Rad1 Ne5 15. Be2 Nbc6 16. Qa4 Qxa4 17. Nxa4 Nd4 18. Bxd4 cxd4 19. f4 Nc6 20. e5 f6 21. exf6 Bxf6 22. Nc5 b6 23. Nd7 Rfd8 24. Bf3 Rac8 25. Nxb6 Rb8 26. Nd5 Nb4 27. Nxb4 Rxb4 28. b3 a5 29. Rd3 Rc8 30. Bd5+ Kh8 31. a3 Rb6 32. Re1 Rcb8 33. c5 Rb5 34. Rc1 Rc8 35. b4 axb4 36. axb4 Rxb4 37. c6 Rc7 38. Ra1 Rb5 39. Be6 Kg7 40. Bd7 e5 41. fxe5 Bxe5 42. Kg2 h5 43. Kf3 Rc5 44. Ke4 Bf6 45. Rb1 R5xc6 46. Bxc6 Rxc6 47. Rb7+ Kh6 48. Rf3 h4 49. g4 Re6+ 50. Kd3 Ra6 51. Rb5 g5 52. Ke4 Kg6 53. Rfb3 Re6+ 54. Kd5 Re1 55. Rb6 Rf1 56. Ke4 Rf4+ 57. Kd3 Kf7 58. Ra6 Rf3+ 59. Kc4 Rf1 60. Raa3 Rc1+ 61. Kd5 Rc7 62. Ra6 Kg7 63. Rf3 Be7 64. Kxd4 Rd7+ 65. Ke5 Bc5 66. Rc6 Bd4+ 67. Ke6 1-0